000 00787cam a22002773a 4500
001 645
003 PGUSA
005 20140828082951.0
008 960901s1996||||xxu|||||s|||||000 1 eng d
040 _aPGUSA
_beng
042 _adc
050 4 _aPS
100 1 _aJames, Henry,
_d1843-1916
245 1 4 _aThe Figure in the Carpet
_h[electronic resource] /
_cHenry James
260 _bProject Gutenberg,
_c1996
506 _aPublic domain in the USA.
516 _aElectronic text
653 _aWomen novelists -- Fiction
653 _aShort stories, American
653 _aInterpersonal relations -- Fiction
653 _aSecrecy -- Fiction
653 _aCritics -- Fiction
830 0 _aProject Gutenberg
_v645
856 4 0 _uhttp://www.gutenberg.org/ebooks/645
942 _cEB
999 _c229996
_d229996